VEER SAVARKAR (Record no. 26122)

MARC details
000 -LEADER
fixed length control field 00316nam a22001457a 4500
003 - CONTROL NUMBER IDENTIFIER
control field SGT
020 ## - INTERNATIONAL STANDARD BOOK NUMBER
International Standard Book Number 9788179919767
082 ## - DEWEY DECIMAL CLASSIFICATION NUMBER
Classification number 954.03
Item number V50K
100 ## - MAIN ENTRY--PERSONAL NAME
Personal name KEER, DHANANJAY
245 ## - TITLE STATEMENT
Title VEER SAVARKAR
260 ## - PUBLICATION, DISTRIBUTION, ETC. (IMPRINT)
Place of publication, distribution, etc INDIA
Name of publisher, distributor, etc POPULAR PRAKASHAN
Year of Publication 1950
300 ## - PAGE DESCRIPTION
No. of Pages 601
650 ## - SUBJECT ADDED ENTRY--TOPICAL TERM
Topical term or geographic name as entry element MAHATMA GANDHI
942 ## - ADDED ENTRY ELEMENTS (KOHA)
Source of classification or shelving scheme Dewey Decimal Classification
Koha item type Books
Holdings
Withdrawn status Lost status Source of classification or shelving scheme Damaged status Not for loan Home library Current library Shelving location Date acquired Vendor Name Cost, normal purchase price SGTU Total Checkouts Full call number Accession No. (Barcode) Date last seen Bill Date Koha item type
    Dewey Decimal Classification   Not For Loan SGT Chancellor's Library SGT Chancellor's Library Reference Book 20/04/2024 SGT CHANCELLOR'S COLLECTION 699.00 SGTU   954.03 V50K CH321 20/04/2024 20/04/2024 Books